The perfect sales presentation

Bibliographic Details
Main Author: Shook, Robert L.
Format: Book
Published: N.York : Bantam Books , 1986
Subjects:

MARC

LEADER 00000cam a2200000 7i4500
001 0000005998
002 000006478
005 20000330.0
020 |a 0553266373 
090 0 0 |a 658.85   |b SHO 
100 1 |a Shook, Robert L. 
245 1 4 |a The perfect sales presentation   |c Robert L.Shook 
260 |a N.York :   |b Bantam Books ,   |c 1986 
300 |a 179p. ;   |c 17cm. 
650 0 0 |a Selling 
999 |a 037824   |b BUKU   |c PINJAMAN   |e PERPUSTAKAAN KOMUNITI PETALING JAYA